000
00302nam a2200133Ia 4500
005
20251222152618.0
008
251222s9999||||xx |||||||||||||| ||spa||
020
_a
9788497645515
082
_a
823.8/S82
100
_a
Stoker, Bram
245
0
_a
DrĂ¡cula
264
_b
Edimat Libros S.A.
942
_c
LIB
999
_c
27256
_d
27256